| 000 | 00609nam a22001937a 4500 | ||
|---|---|---|---|
| 003 | AUA.1 | ||
| 005 | 20260206115559.0 | ||
| 008 | 260206b |||||||| |||| 00| 0 eng d | ||
| 040 | _cJTL | ||
| 100 | _aAjayi, Ayodeji | ||
| 245 |
_aInfluence of mentorship on development of leadership skills among young future leaders in Ondo State, Nigeria / _cAyodeji Ajayi. |
||
| 260 | _cc2025. | ||
| 300 |
_axiii, 181 leaves : _billustrations; _c30 cm. |
||
| 650 | _aMentoring | ||
| 650 | _aLeadership | ||
| 650 | _aYouth | ||
| 651 | _aOndo State, Nigeria | ||
| 942 |
_2aua _cDISS _hPhD Lead _i.A53 2025 |
||
| 999 |
_c25300 _d25300 |
||